000 00288nam a22001337a 4500
008 170926b xxu||||| |||| 00| 0 eng d
020 _a9789951591003
041 _aeng
080 _a37
100 _a46
101 _aEDU
245 _aKËRKIME PEDAGOGJIKE
_cISMAILI.F
942 _2udc
_cBK
999 _c30041
_d30041